Представление документа в формате RUSMARC

ПолеНазваниеЗначение
  Тип записи a
  Библиографический уровень m
001 Контрольный номер 5db40aa71c164921adcc9e4b3f39bd50
005 Дата корректировки 20161005093415.8
010 Индекс ISBN __
a ISBN 978-5-222-13940-0
010 Индекс ISBN __
a ISBN 978-5-903875-49-8
101 Язык документа 0_
a Язык текста rus
102 Страна публикации __
a Страна публикации RU
200 Заглавие и сведения об ответственности 1_
a Заглавие Сервисная деятельность:организационные, этические и психологические аспекты
b Общее обозначение материала Текст
e Сведения, относящиеся к заглавию учеб. пособие для вузов
f Первые сведения об ответственности В. Ф. Буйленко
210 Выходные данные 1_
a Место издания Ростов н/Д
c Издательство Феникс
d Дата издания 2008
215 Физическое описание __
a Объем 156, [4] с.
225 Серия 2_
a Серия Высшее образование
610 Ключевые слова 0_
a Ключевые слова сфера услуг
a Ключевые слова бытовое обслуживание
610 Ключевые слова 0_
a Ключевые слова сервисная деятельность
a Ключевые слова сервисные предприятия
a Ключевые слова потребитель
a Ключевые слова туризм
a Ключевые слова этика
a Ключевые слова психологические аспекты
a Ключевые слова социально-культурная сфера
a Ключевые слова конфликты
610 Ключевые слова 0_
a Ключевые слова учебное пособие
610 Ключевые слова 0_
a Ключевые слова гриф
686 Индексы других классификаций __
a Классификационный индекс 65.206я73
686 Индексы других классификаций __
a Классификационный индекс 65.43я73
700 Автор _1
a Фамилия Буйленко
b Имя В. Ф.
g Полное личное имя Виктор Федорович
801 Источник записи _0
a Страна RU
b Организация РУК
g Правила каталогизации PSBO
c Дата составления 20161005
801 Источник записи _1
a Страна RU
b Организация РУК
g Правила каталогизации PSBO
852 Данные о местонахождении __
i Авторский знак Б 90
j Шифр хранения ББК 65.206
901 Тип документа __
t Тип документа m
937 Технологическая информация __
a Создатель записи (имя) Мясникова
938 Служебная информация __
a Название организации Головной вуз
952 Тип литературы __
b Гриф литературы для ВШ гриф УМО
c Вид литературы учебное пособие